ARRUPE JESUIT UNIVERSITY

CORONAVIRUS -STOP THE SPREAD - CLEAN,DISINFECT,COVER

The case for clerical celibacy: (Record no. 122224)

MARC details
000 -LEADER
fixed length control field 00573nam a22001577a 4500
008 - FIXED-LENGTH DATA ELEMENTS--GENERAL INFORMATION
fixed length control field 150227b xxu||||| |||| 00| 0 eng d
020 ## - INTERNATIONAL STANDARD BOOK NUMBER
International Standard Book Number 08987053390
050 ## - LIBRARY OF CONGRESS CALL NUMBER
Classification number BV4390.S854
100 ## - MAIN ENTRY--PERSONAL NAME
Personal name Stickler, Alfons Maria
9 (RLIN) 15621
245 ## - TITLE STATEMENT
Title The case for clerical celibacy:
Remainder of title its historical development and foundations
Statement of responsibility, etc / by Alfons Maria Cardinal Stickler; translated by Father Brian Ferme
260 ## - PUBLICATION, DISTRIBUTION, ETC. (IMPRINT)
Place of publication, distribution, etc San Francisco
Name of publisher, distributor, etc Ignatius Press
Date of publication, distribution, etc 1995
300 ## - PHYSICAL DESCRIPTION
Extent 106p. ;
Dimensions 19cm.
650 ## - SUBJECT ADDED ENTRY--TOPICAL TERM
Topical term or geographic name as entry element Celibacy
9 (RLIN) 15622
650 ## - SUBJECT ADDED ENTRY--TOPICAL TERM
Topical term or geographic name as entry element Catholic Church
General subdivision Clergy
9 (RLIN) 15623
942 ## - ADDED ENTRY ELEMENTS (KOHA)
Source of classification or shelving scheme Library of Congress Classification
Item type Monograph ( Printed materials)
Holdings
Withdrawn status Lost status Source of classification or shelving scheme Damaged status Not for loan Collection code Home library Current library Shelving location Date acquired Total Checkouts Full call number Barcode Date last seen Date last borrowed Price effective from Koha item type
    Library of Congress Classification     Main Collection ARRUPE LIBRARY ARRUPE LIBRARY Main Collection 27/02/2015 3 BV4390.S854 46500002837 21/01/2019 07/01/2019 27/02/2015 Monograph ( Printed materials)

 

Arrupe Library. PO Box MP320 Mt Pleasant, Harare, Zimbabwe
263 242 745411|librarian@aju.ac.zw